|
|
|
|
| LEADER |
02321nam a2200577 a 4500 |
| 001 |
nkc20051636533 |
| 003 |
CZ PrNK |
| 005 |
20060627171127.0 |
| 007 |
ta |
| 008 |
051229s2005 xr e b 000 0 cze |
| 015 |
|
|
|a cnb001636533
|
| 020 |
|
|
|a 80-245-0949-0
|q (brož.) :
|c Kč 78,00
|
| 035 |
|
|
|a (OCoLC)85717641
|
| 040 |
|
|
|a OLA001
|b cze
|d BOA001
|d ABA001
|
| 045 |
|
|
|a x-x-
|
| 072 |
|
7 |
|a 308
|x Sociografie
|2 Konspekt
|9 18
|
| 072 |
|
7 |
|a 01
|x Bibliografie. Katalogy
|2 Konspekt
|9 12
|
| 080 |
|
|
|a 338(091)
|2 MRF
|
| 080 |
|
|
|a 308(091)
|2 MRF
|
| 080 |
|
|
|a 002+007
|2 MRF
|
| 080 |
|
|
|a 016
|2 MRF
|
| 080 |
|
|
|a 019.922
|2 MRF
|
| 100 |
1 |
|
|a Stellner, František,
|d 1966-
|7 jn19990209798
|4 aut
|
| 245 |
1 |
0 |
|a Výběrová bibliografie k hospodářským a sociálním dějinám 20. století /
|c František Stellner, Ivan Jakubec, Radek Soběhart
|
| 246 |
1 |
|
|i Název v tiráži:
|a Výběrová bibliografie
|
| 250 |
|
|
|a 1. vyd.
|
| 260 |
|
|
|a Praha :
|b Oeconomica,
|c 2005
|
| 300 |
|
|
|a 111 s. ;
|c 21 cm
|
| 500 |
|
|
|a Nad názvem: Vysoká škola ekonomická v Praze, Fakulta národohospodářská
|
| 500 |
|
|
|a 250 výt.
|
| 550 |
|
|
|a Vydavatel: Vysoká škola ekonomická v Praze
|
| 648 |
|
7 |
|a 20. století
|7 ch460558
|2 czenas
|
| 650 |
0 |
7 |
|a hospodářské dějiny
|7 ph114703
|y 20. století
|2 czenas
|
| 650 |
0 |
7 |
|a sociální dějiny
|7 ph125782
|y 20. století
|2 czenas
|
| 650 |
0 |
7 |
|a informační zdroje
|7 ph121110
|2 czenas
|
| 650 |
0 |
9 |
|a economic history
|y 20th century
|2 eczenas
|
| 650 |
0 |
9 |
|a social history
|y 20th century
|2 eczenas
|
| 650 |
0 |
9 |
|a information resources
|2 eczenas
|
| 655 |
|
7 |
|a odborné bibliografie
|7 fd132950
|2 czenas
|
| 655 |
|
7 |
|a výběrové bibliografie
|7 fd186981
|2 czenas
|
| 655 |
|
9 |
|a subject bibliography
|2 eczenas
|
| 655 |
|
9 |
|a selective bibliography
|2 eczenas
|
| 700 |
1 |
|
|a Jakubec, Ivan,
|d 1960-
|7 jn20000401176
|4 aut
|
| 700 |
1 |
|
|a Soběhart, Radek,
|d 1978-
|7 mzk2006331707
|4 aut
|
| 710 |
2 |
|
|a Vysoká škola ekonomická v Praze.
|b Národohospodářská fakulta
|7 kn20010709401
|
| 856 |
4 |
1 |
|u http://www.digitalniknihovna.cz/mzk/uuid/uuid:9ca53720-9378-11e5-ac67-005056827e51
|y Digitalizovaný dokument
|x NDK
|
| 910 |
2 |
|
|a BOA001
|b 2-1167.280
|
| 990 |
|
|
|a BK
|
| 995 |
|
|
|a 01
|
| 991 |
|
|
|b 200605
|c NOV
|
| 996 |
6 |
|
|b 2610277492
|c 2-1167.280
|l MZK
|r Sklad / do 1 hodiny
|n 2
|p p.v.
|w 000813743
|u 000010
|a 1
|e BOA001
|j MZK50
|s P
|